000
00257nam a22001097a 4500
082
_a
678.538 FIE'P
100
_a
FIELD, SAMUAL
_9
70316
245
_a
THE PINCIPLES OF ELECTRODE POSITIONS
260
_a
LONDON
_b
SIR ISAAC
_c
1944
300
_a
314P
942
_c
BK
999
_c
577307
_d
577307